| 000 | 00990nam a2200229 a 4500 | ||
|---|---|---|---|
| 005 | 20210219160335.0 | ||
| 008 | 081013s2000 mx r 000 0 spa d | ||
| 035 | _aUPN01000163346 | ||
| 049 | _aUNE | ||
| 080 | _aDO 37.014. 22(06) (7/8) 1993COO 5a. | ||
| 111 | 2 | _aReunión del Comité Intergubernamental del Proyecto Principal en la Esfera de la Educación en América Latina y el Caribe, 5a.; 1993 : Santiago de Chile. | |
| 245 | 1 | 0 | _aLa Cooperación de la UNESCO en el contexto del proyecto principal para América Latina y el Caribe. |
| 260 | _aParís : UNESCO, 1993. | ||
| 300 | _a44 p. | ||
| 440 | 0 | _aED-93/PROMEDLAC/REF./1) | |
| 690 | _aProyectos educacionales- Metas de la educacion- America Lat. | ||
| 690 | _aMetas de la educacion- Fines educacionales- America Latina | ||
| 690 | _aAmerica Latina- Proyectos educacionales- Metas de la educac. | ||
| 710 | 2 | _aUNESCO | |
| 710 | 2 | _aProyecto Principal de Educación para América Latina y el Caribe. | |
| 905 | _aUNESCO | ||
| 999 |
_c135459 _d135459 |
||